Music Quiz

Random Music or Song Quiz

3+ Billboard #1s Quiz Stats

 Plays Quiz Updated Apr 5, 2018

Score 0/114 Timer 12:00
9 Plays Today
Song Artist % Correct
Billie JeanMichael Jackson
94.3%
Hey JudeThe Beatles
91.8%
Miss You MuchJanet Jackson
91.2%
Like A VirginMadonna
89.7%
Rolling in the DeepAdele
85%
Livin' on a PrayerBon Jovi
84%
...Baby One More TimeBritney Spears
82.6%
SexyBackJustin Timberlake
78.3%
My Heart Will Go OnCéline Dion
76.8%
ABCJackson 5
75.9%
I Kissed a GirlKaty Perry
74.8%
Moves Like JaggerMaroon 5
74.7%
Stayin' AliveBee Gees
72.7%
Crazy in LoveBeyoncé
72.3%
Genie in a BottleChristina Aguilera
72.2%
Crocodile RockElton John
71.9%
I Will Always Love YouWhitney Houston
71.7%
(I Can't Get No) SatisfactionThe Rolling Stones
71%
DisturbiaRihanna
68.3%
Tik TokKesha
66.6%
Gold DiggerKanye West
66.5%
Hey Ya!OutKast
66.4%
Hot in HerreNelly
65.6%
FaithGeorge Michael
65.1%
In da Club50 Cent
63.8%
Blank SpaceTaylor Swift
62.7%
WaterfallsTLC
60.8%
GrenadeBruno Mars
60.6%
SuperstitionStevie Wonder
60.4%
Whatever You LikeT.I.
60.3%
Say My NameDestiny's Child
60.3%
Empire State of MindJay-Z
58.8%
HappyPharrell Williams
58.6%
Yeah!Usher
55.9%
(Everything I Do) I Do It for YouBryan Adams
55%
I Get AroundThe Beach Boys
54.9%
Wake Me Up Before You Go-GoWham!
54.3%
Maggie MayRod Stewart
53.7%
Song Artist % Correct
Straight UpPaula Abdul
53.1%
God's PlanDrake
52.8%
London BridgeFergie
52%
HeroMariah Carey
50.6%
PhysicalOlivia Newton-John
50.5%
My GirlThe Temptations
50.2%
It's Still Rock and Roll To MeBilly Joel
49.9%
Georgia on My MindRay Charles
49.3%
TemperatureSean Paul
49.1%
What Do You Mean?Justin Bieber
48.9%
I Heard It Through The GrapevineMarvin Gaye
48.4%
The Sound of SilenceSimon and Garfunkel
47.8%
Ebony And IvoryPaul McCartney
47.7%
Can't Feel My FaceThe Weeknd
47.5%
PromiscuousNelly Furtado
47.2%
SussudioPhil Collins
46.8%
Bodak YellowCardi B
46.8%
Call MeBlondie
46.3%
The JokerSteve Miller Band
44.5%
Lose YourselfEminem
43.6%
LowFlo Rida
42.2%
BelieveCher
41.4%
A Moment Like ThisKelly Clarkson
41%
KissPrince
40.8%
No OneAlicia Keys
40.4%
MandyBarry Manilow
39.7%
It's Now or NeverElvis Presley
38.8%
Band on the RunWings
37.8%
I'll Be Missing YouPuff Daddy
35.5%
Baby LoveThe Supremes
35.2%
LollipopLil Wayne
34.9%
We Built This CityStarship
34.5%
Heartache TonightEagles
34.5%
Last Train to ClarksvilleThe Monkees
33.7%
Born This WayLady Gaga
33.5%
The Power of LoveHuey Lewis and the News
33.5%
My Sweet LordGeorge Harrison
33.4%
Thank God I'm a Country BoyJohn Denver
33.2%
Song Artist % Correct
Buy U a Drank (Shawty Snappin')T-Pain
32.5%
Imma BeBlack Eyed Peas
32.1%
Say You, Say MeLionel Richie
32%
Joy to the WorldThree Dog Night
31.8%
Raise Your GlassPink
31.2%
Killing Me Softly with His SongRoberta Flack
31.1%
Upside DownDiana Ross
29.8%
Rich GirlDaryl Hall and John Oates
29.6%
California Love (featured artist only)Dr. Dre
29.2%
That's The Way (I Like It)KC and the Sunshine Band
29%
Cracklin' RosieNeil Diamond
28.8%
Hot StuffDonna Summer
26.7%
On Bended KneeBoyz II Men
26.6%
If You Leave Me NowChicago
26.2%
Blame It on the RainMilli Vanilli
25%
Get Outta My Dreams, Get Into My CarBilly Ocean
24.7%
Step by StepNew Kids on the Block
22.1%
Money MakerLudacris
21.6%
Right Here WaitingRichard Marx
21.2%
Top of the WorldCarpenters
21%
SherryThe 4 Seasons
20.7%
Knock Three TimesTony Orlando and Dawn
18.9%
I Am WomanHelen Reddy
17.5%
Everyday PeopleSly and the Family Stone
17%
Angel of MineMonica
16.3%
Listen to Your HeartRoxette
16.2%
Shadow DancingAndy Gibb
15.4%
Always On TimeJa Rule
15%
(You're) Having My BabyPaul Anka
15%
Breaking Up Is Hard to DoNeil Sedaka
14.5%
Woman in LoveBarbra Streisand
13.5%
All I HaveJennifer Lopez
11.3%
Blue VelvetBobby Vinton
10.2%
Nothing From NothingBilly Preston
8.2%
Release MeWilson Phillips
7.9%
Anything For YouGloria Estefan and Miami Sound Machine
6.1%
People Got To Be FreeThe Rascals / The Young Rascals
5.1%
Everybody's Somebody's FoolConnie Francis
3.7%

You're not logged in!

Compare scores with friends on all Sporcle quizzes.
OR
Log In

You Might Also Like...

Show Comments

Extras

Top Quizzes Today


Score Distribution

Your Account Isn't Verified!

In order to create a playlist on Sporcle, you need to verify the email address you used during registration. Go to your Sporcle Settings to finish the process.

Report this User

Report this user for behavior that violates our Community Guidelines.

Details: